000 00831na a2200265 4500
001 21137
003 MIRAKIL
005 20181213155125.0
008 170201b tu 000 0
035 _a21137
040 _aMilas
_btur
_cTR-AnCHP
041 _atur
082 _a324.2382
_bA22a 2005
090 _a324.2382 A22a 2005
110 _aAdalet ve Kakınma Partisi (AKP)
245 _aAk Parti iktidarında ilk & en 100
_cAk Parti Tanıtım ve Medya Başkanlığı
260 _aAnkara
_bAKP
_c2005
300 _a67 s.
_bres.
_c21 sm.
610 _aAKP
_xPropaganda ve ideolojiler
610 _aAKP
_xTanıtım
_yBroşürler
650 _aSiyasal partiler
_xParti türleri
_yDinci partiler
_zTürkiye
710 _aAk Parti Tanıtım ve Medya Başkanlığı
830 _aAdalet ve Kalkınma Partisi
942 _2ddc
_cBKS
999 _c7010
_d7010